All Countries of the World by Flag and First Letter - Statistics

General Stats
  • This quiz has been taken 83,422 times
  • The average score is 46 of 196
Answer Stats
Picture Answer % Correct
Canada
30%
Brazil
29%
India
29%
Israel
29%
Japan
29%
South Korea
29%
Switzerland
29%
United Kingdom
29%
United States
29%
Albania
28%
Argentina
28%
China
28%
Cyprus
28%
France
28%
Greece
28%
Jamaica
28%
Mexico
28%
Nepal
28%
South Africa
28%
Spain
28%
Sweden
28%
Turkey
28%
Australia
27%
Belgium
27%
Croatia
27%
Denmark
27%
Finland
27%
Georgia
27%
Germany
27%
Iran
27%
Ireland
27%
Italy
27%
Ivory Coast
27%
Lebanon
27%
North Korea
27%
Norway
27%
Portugal
27%
Russia
27%
Saudi Arabia
27%
Ukraine
27%
Bangladesh
26%
Chile
26%
Czech Republic
26%
Egypt
26%
Estonia
26%
Iceland
26%
Kenya
26%
Kosovo
26%
Malaysia
26%
Morocco
26%
New Zealand
26%
Nigeria
26%
North Macedonia
26%
Pakistan
26%
Serbia
26%
Sri Lanka
26%
Uruguay
26%
Vatican City
26%
Vietnam
26%
Austria
25%
Barbados
25%
Bhutan
25%
Bosnia & Herzegovina
25%
Cambodia
25%
Cuba
25%
Kazakhstan
25%
Latvia
25%
Malta
25%
Netherlands
25%
Panama
25%
Philippines
25%
Qatar
25%
Slovakia
25%
Slovenia
25%
Thailand
25%
Tunisia
25%
Afghanistan
24%
Algeria
24%
Angola
24%
Belarus
24%
Bulgaria
24%
Chad/Romania
24%
Chad/Romania
24%
Colombia
24%
Hungary
24%
Liberia
24%
Liechtenstein
24%
Luxembourg
24%
Mongolia
24%
Montenegro
24%
Peru
24%
Poland
24%
San Marino
24%
Seychelles
24%
Singapore
24%
Somalia
24%
Taiwan
24%
Uganda
24%
Venezuela
24%
Andorra
23%
Azerbaijan
23%
Bahrain
23%
Brunei
23%
Dominican Republic
23%
Ecuador
23%
Ethiopia
23%
Iraq
23%
Kyrgyzstan
23%
Laos
23%
Niger
23%
Papua New Guinea
23%
Armenia
22%
Bahamas
22%
Botswana
22%
Costa Rica
22%
D.R. Congo
22%
Eswatini
22%
Fiji
22%
Haiti
22%
Indonesia
22%
Lesotho
22%
Lithuania
22%
Maldives
22%
Mauritania
22%
Moldova
22%
Paraguay
22%
St. Lucia
22%
Tanzania
22%
Tonga
22%
Trinidad & Tobago
22%
Turkmenistan
22%
Uzbekistan
22%
Zambia
22%
Antigua and Barbuda
21%
Belize
21%
Burundi
21%
Cape Verde
21%
Central African Republic
21%
Dominica
21%
Eritrea
21%
Ghana
21%
Honduras
21%
Kiribati
21%
Libya
21%
Madagascar
21%
Malawi
21%
Monaco
21%
Mozambique
21%
Myanmar
21%
Oman
21%
Palau
21%
Syria
21%
United Arab Emirates
21%
Zimbabwe
21%
Burkina Faso
20%
Cameroon
20%
Comoros
20%
East Timor
20%
F.S. of Micronesia
20%
Guatemala
20%
Guyana
20%
Samoa
20%
Senegal
20%
South Sudan
20%
St. Vincent and the Grenadines
20%
Suriname
20%
Tajikistan
20%
Togo
20%
Bolivia
19%
Djibouti
19%
Equatorial Guinea
19%
Gabon
19%
Grenada
19%
Jordan
19%
Kuwait
19%
Namibia
19%
Nicaragua
19%
Rwanda
19%
Sao Tome & Principe
19%
Sierra Leone
19%
Vanuatu
19%
Yemen
19%
Benin
18%
El Salvador
18%
Gambia
18%
Mali
18%
Marshall Islands
18%
Mauritius
18%
Nauru
18%
Rep. of the Congo
18%
St. Kitts & Nevis
18%
Sudan
18%
Tuvalu
18%
Guinea-Bissau
17%
Solomon Islands
17%
Guinea
16%
No matching quizzes found
Score Distribution
Percent of People with Each Score
Percentile by Number Answered
Your Score History
You have not taken this quiz